Shaikshyik prayuktibidya (Record no. 6067)

MARC details
000 -LEADER
fixed length control field 00623cam a2200229ua 4500
001 - CONTROL NUMBER
control field 6928
005 - DATE AND TIME OF LATEST TRANSACTION
control field 20260515114129.0
008 - FIXED-LENGTH DATA ELEMENTS--GENERAL INFORMATION
fixed length control field 141206n ii |||gr||||Z||||||asm
020 ## - INTERNATIONAL STANDARD BOOK NUMBER
International Standard Book Number 978-81-922265-9-0
040 ## - CATALOGING SOURCE
Transcribing agency MAIN
041 ## - LANGUAGE CODE
Language code of text/sound track or separate title asm
082 ## - DEWEY DECIMAL CLASSIFICATION NUMBER
Classification number 371.33
100 ## - MAIN ENTRY--PERSONAL NAME
Personal name Chaliha, Beda Kumar,
Relator term Author.,
245 ## - TITLE STATEMENT
Title Shaikshyik prayuktibidya
Statement of responsibility, etc. by Beda Kumar Chaliha
250 ## - EDITION STATEMENT
Edition statement 3rd ed.
260 ## - PUBLICATION, DISTRIBUTION, ETC.
Place of publication, distribution, etc. Golaghat:
Name of publisher, distributor, etc. Saraswati prakashan,
Date of publication, distribution, etc. 2013.
300 ## - PHYSICAL DESCRIPTION
Extent 261p.
653 ## - INDEX TERM--UNCONTROLLED
Uncontrolled term Schools & their activities special education
653 ## - INDEX TERM--UNCONTROLLED
Uncontrolled term Educational technology
700 ## - ADDED ENTRY--PERSONAL NAME
Personal name Sonowal, Puranjoy,
Relator term Aithor.
942 ## - ADDED ENTRY ELEMENTS (KOHA)
Koha item type Books
Holdings
Withdrawn status Lost status Damaged status Not for loan Home library Current library Shelving location Date acquired Total checkouts Full call number Barcode Date last seen Date last checked out Copy number Price effective from Koha item type
        Naharkatiya College Library Naharkatiya College Library General stacks 09/19/2020 3 371.33 | CHA 22145 03/04/2025 02/20/2025 3 09/19/2020 Books
        Naharkatiya College Library Naharkatiya College Library General stacks 09/19/2020 2 371.33 | CHA 22146 01/27/2023 01/23/2023 1 09/19/2020 Books
        Naharkatiya College Library Naharkatiya College Library General stacks 09/19/2020 5 371.33 | CHA 22147 01/20/2023 12/22/2022 2 09/19/2020 Books